[Event "ICS rated blitz match"]
[Site "204.178.125.65"]
[Date "2000.04.03"]
[Round "?"]
[White "lupica"]
[Black "Hossa"]
[Result "0-1"]
[WhiteElo "2081"]
[BlackElo "2431"]
[PlyCount "98"]

1. Nf3 d5 2. c4 e6 3. b3 Nf6 4. Bb2 Nc6 5. e3 Be7 6. d4 dxc4 7. Bxc4 Bb4+ 8.
Nbd2 O-O 9. O-O Bd7 10. a3 Bd6 11. e4 Bf4 12. g3 Bxd2 13. Nxd2 Bc8 14. e5 Nd5
15. Ne4 a6 16. Qg4 Kh8 17. Rad1 Rb8 18. Bd3 Bd7 19. h4 Qe7 20. Qh5 h6 21. Bc1
Be8 22. Bxh6 f5 23. exf6 Bxh5 24. fxe7 Ndxe7 25. Be3 Bxd1 26. Rxd1 e5 27. dxe5
Nxe5 28. Bc2 Nf5 29. Bf4 Nf3+ 30. Kf1 N5d4 31. Bb1 Ne6 32. Be3 Rbd8 33. Rxd8
Rxd8 34. Kg2 Rf8 35. b4 Nfd4 36. Ba2 Rf5 37. Ng5 Nxg5 38. hxg5 Nc2 39. Bf4 Nxa3
40. Bxc7 Rxg5 41. Bd6 Nc2 42. Bb3 Ne1+ 43. Kf1 Nf3 44. Bd1 Nd2+ 45. Ke2 Ne4 46.
Bf4 Rb5 47. Bc2 Rxb4 48. Ke3 Nxf2 49. Kxf2 Rb2 0-1

[Event "ICS rated blitz match"]
[Site "204.178.125.65"]
[Date "2000.04.03"]
[Round "?"]
[White "Hossa"]
[Black "GPiccolo"]
[Result "1-0"]
[WhiteElo "2435"]
[BlackElo "2236"]
[PlyCount "129"]

1. e4 c5 2. c3 d5 3. exd5 Qxd5 4. d4 e6 5. Nf3 Nc6 6. Na3 cxd4 7. Nb5 Bd6 8.
Bc4 Qe4+ 9. Be3 Bb8 10. Nbxd4 Nf6 11. Bd3 Qd5 12. Nxc6 Qxc6 13. Bd4 Nd5 14.
Bxg7 Rg8 15. Be5 Rxg2 16. Bxb8 Rxb8 17. Bxh7 Qb6 18. Qe2 Nf4 19. Qd2 Nh3 20.
Rf1 Bd7 21. Ne5 Bb5 22. c4 Ng5 23. cxb5 Qxb5 24. O-O-O Qxe5 25. Bc2 Nf3 26.
Qd7+ Kf8 27. Kb1 Nxh2 28. Rfe1 Qc5 29. Rg1 Rxg1 30. Rxg1 Rc8 31. Be4 Ng4 32.
Rh1 Nf6 33. Rh8+ Ng8 34. Qd2 b5 35. Bb7 Qf5+ 36. Ka1 Qxf2 37. Qh6+ Ke7 38. Qg5+
f6 39. Qg7+ Kd6 40. Rh1 Rc2 41. Qxg8 Ke5 42. Ba6 Rxb2 43. Rh5+ Kf4 44. Qxe6
Rxa2+ 45. Qxa2 Qe1+ 46. Qb1 Qc3+ 47. Qb2 Qe1+ 48. Ka2 Qa5+ 49. Qa3 Qd2+ 50. Kb1
Qd1+ 51. Qc1+ Qxc1+ 52. Kxc1 b4 53. Rh4+ Kg3 54. Rxb4 f5 55. Kd2 f4 56. Be2 f3
57. Bxf3 Kxf3 58. Ra4 a5 59. Rc4 a4 60. Rxa4 Kf2 61. Ra3 Kf1 62. Ke3 Kg2 63.
Ke2 Kg1 64. Kf3 Kh2 65. Ra1 1-0

[Event "ICS rated standard match"]
[Site "204.178.125.65"]
[Date "2000.04.03"]
[Round "?"]
[White "Hossa"]
[Black "GPiccolo"]
[Result "0-1"]
[WhiteElo "2340"]
[BlackElo "2358"]
[PlyCount "180"]

1. d4 Nf6 2. c4 e6 3. Nc3 Bb4 4. e3 c5 5. Nge2 d5 6. a3 Bxc3+ 7. Nxc3 cxd4 8.
exd4 dxc4 9. Bxc4 Nc6 10. Be3 O-O 11. O-O b6 12. b3 Qe7 13. Bg5 h6 14. Bh4 Rd8
15. Qf3 Bb7 16. Bxf6 Qxf6 17. Qxf6 gxf6 18. d5 Nd4 19. Rfd1 e5 20. a4 Rac8 21.
Rd3 Nc2 22. Rad1 Na3 23. Rg3+ Kf8 24. Be2 Nc2 25. Rh3 Kg7 26. Bc4 Na3 27. Bf1
Nc2 28. Rg3+ Kf8 29. Kh1 f5 30. Rh3 Kg7 31. Bc4 f4 32. Ne2 Rd6 33. Rhd3 Na3 34.
Rc3 Rc5 35. Ra1 Nxc4 36. bxc4 Rd7 37. Rac1 Rdc7 38. f3 Ba6 39. g3 fxg3 40. d6
g2+ 41. Kxg2 Rd7 42. Ng3 Bb7 43. Nf5+ Kf6 44. Nxh6 Rxd6 45. Ng4+ Kf5 46. Kg3
Bc6 47. Ra1 f6 48. Ne3+ Ke6 49. Nc2 Ra5 50. Rca3 Rd2 51. Nb4 Bd7 52. Nd5 Rc5
53. Ne3 Rc8 54. Rh1 f5 55. f4 exf4+ 56. Kxf4 Rd4+ 57. Kg3 f4+ 58. Kf2 fxe3+ 59.
Kxe3 Rh4 60. Kd2 Rcxc4 61. a5 Ba4 62. Re3+ Kd5 63. Rd3+ Kc5 64. Rf3 Rc2+ 65.
Ke3 Bc6 66. Rf5+ Kc4 67. Rhf1 Rc3+ 68. Kd2 Rxh2+ 69. R5f2 Rxf2+ 70. Rxf2 bxa5
71. Rf7 a4 72. Rxa7 a3 73. Ra6 Bb5 74. Ra5 Rh3 75. Kc1 Bc6 76. Ra7 Kb3 77. Kd2
a2 78. Ke2 Ba4 79. Rb7+ Ka3 80. Rh7 Rxh7 81. Kf3 a1=Q 82. Ke4 Bc6+ 83. Kf5 Qf1+
84. Ke5 Rd7 85. Ke6 Qf7+ 86. Ke5 Qd5+ 87. Kf4 Rf7+ 88. Ke3 Rf3+ 89. Ke2 Qd3+
90. Ke1 Rf1# 0-1

[Event "ICS rated standard match"]
[Site "204.178.125.65"]
[Date "2000.04.03"]
[Round "?"]
[White "GPiccolo"]
[Black "Hossa"]
[Result "1/2-1/2"]
[WhiteElo "2380"]
[BlackElo "2326"]
[PlyCount "148"]

1. d4 d5 2. c4 e6 3. Nc3 Nf6 4. Bg5 Be7 5. Nf3 O-O 6. e3 Nbd7 7. Qb3 c5 8.
O-O-O cxd4 9. Rxd4 b6 10. cxd5 Nxd5 11. Nxd5 Bxg5 12. Nxg5 Nc5 13. Qc2 Qxg5 14.
f4 Qh4 15. g3 Qd8 16. Nc3 Qe7 17. Bg2 Bb7 18. Rhd1 Bxg2 19. Qxg2 Rac8 20. Kb1
a6 21. h4 Qc7 22. g4 Rfe8 23. Rc1 Qe7 24. g5 Rcd8 25. Ne4 Nxe4 26. Qxe4 Rc8 27.
Rc6 Rf8 28. h5 Rxc6 29. Qxc6 e5 30. Qd6 Qb7 31. Qd5 Qxd5 32. Rxd5 exf4 33. exf4
a5 34. Rd6 Rb8 35. Kc2 b5 36. Kd2 g6 37. h6 Kf8 38. Rd7 Ke8 39. Rc7 a4 40. a3
Kf8 41. Kc3 Re8 42. Kb4 Re4+ 43. Kxb5 Rxf4 44. Ka5 Ke8 45. Rc8+ Ke7 46. Rh8 Rf2
47. Rxh7 Rxb2 48. Kxa4 Rg2 49. Rh8 Rxg5 50. Kb4 Rh5 51. a4 Rh4+ 52. Kb5 Rh5+
53. Kb6 Rh1 54. a5 Rb1+ 55. Ka7 g5 56. a6 Rh1 57. Rg8 Kd7 58. h7 Rxh7 59. Kb6
Rh6+ 60. Kb5 Rh1 61. a7 Ra1 62. a8=Q Rxa8 63. Rxa8 Ke6 64. Kc5 Ke5 65. Re8+ Kf4
66. Rf8 Ke4 67. Rxf7 g4 68. Kc4 g3 69. Rg7 Kf3 70. Kd3 g2 71. Rf7+ Kg3 72. Ke2
g1=Q 73. Rg7+ Kh2 74. Rxg1 Kxg1 1/2-1/2

[Event "ICS rated standard match"]
[Site "204.178.125.65"]
[Date "2000.04.03"]
[Round "?"]
[White "DrVigilante"]
[Black "Hossa"]
[Result "1-0"]
[WhiteElo "2434"]
[BlackElo "2328"]
[PlyCount "121"]

1. e4 e5 2. Nf3 Nc6 3. Bb5 a6 4. Ba4 Nf6 5. O-O Be7 6. Re1 b5 7. Bb3 d6 8. c3
O-O 9. h3 Bb7 10. d4 Re8 11. Nbd2 Bf8 12. a4 h6 13. Bc2 exd4 14. cxd4 Nb4 15.
Bb1 c5 16. d5 Nd7 17. Ra3 c4 18. axb5 axb5 19. Nd4 Rxa3 20. bxa3 Nd3 21. Bxd3
cxd3 22. Re3 Ne5 23. N4f3 f5 24. Nxe5 Rxe5 25. Bb2 Re7 26. exf5 Rxe3 27. fxe3
Bxd5 28. Qg4 Qg5 29. Qxg5 hxg5 30. e4 Bc4 31. Kf2 Be7 32. Ke1 Bd8 33. Bc3 g4
34. hxg4 Bh4+ 35. Kd1 Bg5 36. Nxc4 bxc4 37. a4 Kf7 38. a5 Be3 39. a6 Kf8 40.
Bd2 Bd4 41. Bb4 Kf7 42. Kd2 Ba7 43. Kc3 d2 44. Kxd2 d5 45. exd5 Bd4 46. g5 Ba7
47. d6 Ke8 48. f6 gxf6 49. g6 Bb6 50. Kc3 Kf8 51. Kxc4 f5 52. Bc5 Bd8 53. a7
Kg7 54. a8=Q Bg5 55. Bd4+ Kxg6 56. Qg8+ Kh6 57. Qg7+ Kh5 58. Qh7+ Bh6 59. Qxf5+
Bg5 60. Bg7 Kh4 61. Qh3# 1-0

[Event "ICS rated blitz match"]
[Site "204.178.125.65"]
[Date "2000.04.03"]
[Round "?"]
[White "j724"]
[Black "Hossa"]
[Result "0-1"]
[WhiteElo "2085"]
[BlackElo "2438"]
[PlyCount "94"]

1. d4 d5 2. Nf3 Nf6 3. Bf4 Bf5 4. e3 e6 5. Nbd2 Nbd7 6. Be2 Bd6 7. Ne5 h6 8. c4
dxc4 9. Ndxc4 Bb4+ 10. Nd2 Nd5 11. Bg3 Nxe5 12. Bxe5 O-O 13. a3 Bxd2+ 14. Qxd2
c6 15. O-O Qe7 16. f3 Qg5 17. Kf2 Rad8 18. Rfd1 Qh4+ 19. Bg3 Qf6 20. Kg1 Bh7
21. e4 Nb6 22. Be5 Qe7 23. Qa5 Ra8 24. Rac1 f5 25. Bd3 fxe4 26. Bxe4 Bxe4 27.
fxe4 Qg5 28. Qd2 Qe7 29. Qe3 Rf7 30. Rf1 Raf8 31. Qg3 Rxf1+ 32. Rxf1 Rxf1+ 33.
Kxf1 Nc4 34. Bf4 Qf6 35. Qf2 Nxb2 36. Bb8 Nc4 37. Qxf6 gxf6 38. Bxa7 Nxa3 39.
Ke2 h5 40. Kd3 b5 41. Kc3 Nc4 42. Kb4 Nd6 43. e5 fxe5 44. dxe5 Ne4 45. Ka5 Nc3
46. Kb6 b4 47. Kxc6 b3 0-1

[Event "ICS rated standard match"]
[Site "204.178.125.65"]
[Date "2000.04.03"]
[Round "?"]
[White "Hossa"]
[Black "Tinker"]
[Result "0-1"]
[WhiteElo "2317"]
[BlackElo "2262"]
[PlyCount "190"]

1. e4 e5 2. Nf3 Nc6 3. Nc3 d6 4. Bb5 a6 5. Bxc6+ bxc6 6. d4 exd4 7. Nxd4 Qd7 8.
O-O Rb8 9. Re1 g6 10. e5 dxe5 11. Rxe5+ Be7 12. Qd2 Kf8 13. b3 Qd6 14. Qe3 Bb7
15. Nde2 Rd8 16. Bb2 Bf6 17. Re4 h6 18. Qa7 Bc8 19. Re3 Rh7 20. Rd3 Qe7 21.
Rxd8+ Qxd8 22. Rd1 Qe7 23. Qb8 Qe8 24. Qxc7 Kg7 25. Rd6 Bg4 26. Rd2 h5 27. Qa5
Bc8 28. Nd1 Bxb2 29. Nxb2 Nf6 30. Nc4 Rh8 31. Nd6 Qe6 32. Qc5 Bd7 33. a4 Kg8
34. f3 Rh7 35. Qa7 Kg7 36. Ne4 Nxe4 37. fxe4 Be8 38. Rd4 Qg4 39. Qxa6 c5 40.
Rd8 Qxe4 41. Qd3 Bc6 42. Qxe4 Bxe4 43. Rc8 Bxc2 44. Nc1 Rh8 45. Rxc5 Bf5 46.
Ne2 Bg4 47. Nc3 Rb8 48. Nb5 Bd7 49. h3 Kg8 50. Nd4 Kf8 51. Kf2 Rb6 52. Ke3 Ke7
53. Kd3 Rd6 54. Kc3 Kd8 55. a5 f6 56. b4 Ra6 57. Kb3 Rd6 58. Kc4 Ra6 59. Kc3 h4
60. Rc4 g5 61. Rc5 Be8 62. Nf5 Bf7 63. Kb2 Kd7 64. Ka3 Bg6 65. Ne3 Be4 66. Rc1
Rd6 67. Rc3 f5 68. Nc4 Rd1 69. g3 Ke6 70. gxh4 gxh4 71. b5 f4 72. Nb2 Ra1+ 73.
Kb4 Rb1 74. Ka3 f3 75. Re3 Kf5 76. Nc4 Kf4 77. Rxe4+ Kxe4 78. Nd2+ Ke3 79. Nxf3
Kxf3 80. Ka4 Ke4 81. b6 Kd5 82. Ka3 Kc4 83. Ka2 Rb3 84. b7 Rxb7 85. Ka3 Rb3+
86. Ka4 Rxh3 87. a6 Rf3 88. a7 Rf8 89. Ka5 h3 90. Kb6 h2 91. a8=R Rxa8 92. Kc6
h1=Q+ 93. Kd6 Qe4 94. Kc7 Ra7+ 95. Kd6 Qd5# 0-1

[Event "ICS rated standard match"]
[Site "204.178.125.65"]
[Date "2000.04.03"]
[Round "?"]
[White "Chessky"]
[Black "Hossa"]
[Result "0-1"]
[WhiteElo "2113"]
[BlackElo "2298"]
[PlyCount "28"]

1. e4 e5 2. f4 exf4 3. Nc3 Qh4+ 4. Ke2 d5 5. Nf3 Qe7 6. d3 dxe4 7. dxe4 Nf6 8.
e5 g5 9. Kf2 Ng4+ 10. Kg1 Qc5+ 11. Nd4 Qxe5 12. h3 Bc5 13. Bb5+ c6 14. hxg4
Bxd4+ 0-1

[Event "ICS rated standard match"]
[Site "204.178.125.65"]
[Date "2000.04.03"]
[Round "?"]
[White "Hossa"]
[Black "Chessky"]
[Result "1-0"]
[WhiteElo "2299"]
[BlackElo "2063"]
[PlyCount "37"]

1. e4 c5 2. Nf3 d6 3. d4 cxd4 4. Nxd4 Nf6 5. Nc3 a6 6. Bg5 e6 7. f4 Qb6 8. Qd2
Qxb2 9. Rb1 Qa3 10. f5 Be7 11. fxe6 fxe6 12. Bc4 d5 13. exd5 Qc5 14. d6 Qxd6
15. Nxe6 Qc6 16. Nxg7+ Kf8 17. Bd5 Nxd5 18. Nxd5 Kxg7 19. Qd4+ 1-0

[Event "ICS rated bullet match"]
[Site "204.178.125.65"]
[Date "2000.04.03"]
[Round "?"]
[White "Hossa"]
[Black "JSBach"]
[Result "1-0"]
[WhiteElo "2389"]
[BlackElo "2074"]
[PlyCount "51"]

1. e4 e6 2. d4 Be7 3. Nf3 Nc6 4. d5 Nb8 5. dxe6 fxe6 6. Nc3 Nf6 7. e5 Ng8 8.
Bd3 Bb4 9. Ng5 Bxc3+ 10. bxc3 g6 11. Nxh7 Rxh7 12. Bxg6+ Rf7 13. Bxf7+ Kxf7 14.
Qh5+ Kg7 15. Bg5 Qf8 16. Qg4 Kf7 17. a4 Qc5 18. Qf3+ Kg7 19. Qg3 Kf8 20. Rb1
Qc6 21. Rb4 b6 22. Rf4+ Ke8 23. Qh3 Nf6 24. Qh8+ Ke7 25. Qxf6+ Ke8 26. Qg6# 1-0

[Event "ICS rated blitz match"]
[Site "204.178.125.65"]
[Date "2000.04.03"]
[Round "?"]
[White "Hossa"]
[Black "Tinker"]
[Result "1-0"]
[WhiteElo "2469"]
[BlackElo "2466"]
[PlyCount "195"]

1. e4 e5 2. Nf3 Nc6 3. Nc3 Nge7 4. Bc4 Ng6 5. d3 Na5 6. Bb5 c6 7. Ba4 b5 8. Bb3
Nh4 9. Nxh4 Nxb3 10. axb3 Qxh4 11. O-O Bc5 12. Be3 Bxe3 13. fxe3 O-O 14. Qe2 d6
15. Qd2 Bb7 16. b4 Rfc8 17. d4 Rd8 18. Qe2 Qe7 19. Qf2 Rdb8 20. Ra3 Qf8 21. g3
c5 22. Nxb5 cxb4 23. Ra5 exd4 24. exd4 Ba6 25. Rxa6 Rxb5 26. Qe2 Rb7 27. Qf3
Rc7 28. Rf2 Rac8 29. Qb3 Qe7 30. Qd3 Re8 31. Re2 d5 32. e5 Rd8 33. Rf2 Qg5 34.
Qd1 b3 35. c3 Rb8 36. Rd6 Rd8 37. Qxb3 Rxd6 38. exd6 Rd7 39. Qb5 Qd8 40. Qxd5
Qf8 41. Re2 Rxd6 42. Qb7 a6 43. Re7 Kh8 44. Rxf7 Qe8 45. Re7 Qf8 46. Rxg7 Qxg7
47. Qb8+ Qg8 48. Qxd6 Qa8 49. Qf6+ Kg8 50. Qg5+ Kf7 51. Qh6 Kg8 52. c4 Qe4 53.
Qg5+ Qg6 54. Qd8+ Kf7 55. Qc7+ Ke8 56. Qb8+ Kd7 57. Qa7+ Kd8 58. Qa8+ Kc7 59.
Qf8 Qb1+ 60. Qf1 Qxb2 61. Qf4+ Kb7 62. Qe4+ Kb6 63. Qe6+ Ka5 64. Qe5+ Ka4 65.
Qe8+ Ka3 66. Qe7+ Ka2 67. Qe3 Qb1+ 68. Kf2 Qc2+ 69. Qe2 Qxe2+ 70. Kxe2 h5 71.
c5 a5 72. c6 a4 73. Kd2 Kb3 74. c7 Kc4 75. c8=Q+ Kxd4 76. Qh8+ Kc4 77. Qxh5 a3
78. Qb5+ Kxb5 79. Kc3 Kc5 80. Kb3 Kd4 81. Kxa3 Ke4 82. h4 Kf5 83. h5 Kg5 84. g4
Kh6 85. Kb3 Kg7 86. g5 Kg8 87. Kc4 Kh7 88. Kd5 Kg7 89. Ke6 Kg8 90. h6 Kh7 91.
Kf6 Kg8 92. g6 Kf8 93. g7+ Ke8 94. g8=Q+ Kd7 95. Qc4 Kd6 96. h7 Kd7 97. h8=Q
Kd6 98. Qd8# 1-0

[Event "ICS rated blitz match"]
[Site "204.178.125.65"]
[Date "2000.04.03"]
[Round "?"]
[White "Hossa"]
[Black "Tinker"]
[Result "1-0"]
[WhiteElo "2499"]
[BlackElo "2425"]
[PlyCount "171"]

1. e4 e5 2. Nf3 Nc6 3. Nc3 Nge7 4. Bc4 Ng6 5. O-O a6 6. d3 Na5 7. Bb3 f6 8. d4
Nxb3 9. axb3 h6 10. Be3 d6 11. Nd2 h5 12. Nc4 exd4 13. Bxd4 h4 14. h3 Be6 15.
Qd2 Qd7 16. Nd5 Bxd5 17. exd5 O-O-O 18. Rfe1 Qf5 19. Ne3 Qg5 20. Qa5 Nf4 21.
Kh1 Re8 22. Ng4 Rd8 23. c4 Nxg2 24. Kxg2 f5 25. f3 fxg4 26. fxg4 Qf4 27. Qc3
Rg8 28. Qd3 g6 29. Rf1 Qg3+ 30. Qxg3 hxg3 31. Kxg3 Re8 32. h4 Re4 33. Bf6 Bg7
34. Bxg7 Rxg7 35. Rf8+ Kd7 36. Raf1 Re2 37. R1f2 Re3+ 38. R8f3 Rxf3+ 39. Rxf3
Re7 40. h5 gxh5 41. gxh5 b5 42. h6 Rh7 43. Rf6 b4 44. Kg4 Ke7 45. Re6+ Kf7 46.
Kh5 a5 47. Re1 Rh8 48. Rf1+ Ke7 49. Rg1 Kd7 50. Rg7+ Kc8 51. h7 Kb7 52. Kh6 Rf8
53. Rg6 Rf3 54. Rg5 Rf8 55. Kg7 Rd8 56. Rf5 Rd7+ 57. Rf7 Rd8 58. c5 dxc5 59. d6
Kb6 60. dxc7 Rc8 61. Rf6+ Kxc7 62. Rf8 Rxf8 63. Kxf8 a4 64. bxa4 Kb6 65. h8=Q
Ka5 66. b3 Kb6 67. Qf6+ Kc7 68. Qe7+ Kc6 69. Qxc5+ Kxc5 70. Ke7 Kb6 71. Kd6 Ka6
72. Kc6 Ka5 73. Kc5 Ka6 74. Kxb4 Kb6 75. Kc4 Kb7 76. b4 Kc7 77. a5 Kb7 78. b5
Kc7 79. Kc5 Kb7 80. a6+ Kc7 81. b6+ Kc8 82. b7+ Kc7 83. Kd5 Kd7 84. b8=Q Ke7
85. Qf4 Kd7 86. a7 1-0

[Event "ICS rated blitz match"]
[Site "204.178.125.65"]
[Date "2000.04.03"]
[Round "?"]
[White "Tinker"]
[Black "Hossa"]
[Result "0-1"]
[WhiteElo "2412"]
[BlackElo "2512"]
[PlyCount "194"]

1. e4 c5 2. Nf3 d6 3. Nc3 a6 4. d3 Nf6 5. Bg5 Nc6 6. Nd2 e6 7. Bxf6 gxf6 8. f4
b6 9. Rb1 Bb7 10. Be2 Nd4 11. O-O f5 12. Rc1 fxe4 13. dxe4 Bg7 14. Rb1 O-O 15.
Kh1 f5 16. Bd3 b5 17. exf5 c4 18. Be4 d5 19. Bf3 Nxf5 20. Qe1 Qb6 21. Nd1 a5
22. Bg4 Nd4 23. Qe3 Ra6 24. c3 Nf5 25. Qxb6 Rxb6 26. Bxf5 Rxf5 27. Ne3 Rf7 28.
Ng4 d4 29. cxd4 Rd6 30. Ne5 Rf5 31. Rbd1 Rxd4 32. Ndxc4 Rxd1 33. Rxd1 bxc4 34.
Rd8+ Bf8 35. Kg1 Rxf4 36. g3 Rf5 37. Nxc4 Rc5 38. b3 Bd5 39. Ne5 Rc1+ 40. Kf2
Rc2+ 41. Kf1 Kg7 42. Rd7+ Kf6 43. Ng4+ Kg5 44. Ne3 Rxa2 45. Nxd5 exd5 46. Rxd5+
Kg6 47. h3 Be7 48. g4 Kg7 49. Re5 Bf6 50. Rf5 h6 51. Rd5 Kh8 52. Rd6 Bg5 53. h4
Bf4 54. Rf6 Be3 55. Re6 Bd2 56. Ke2 Bc1+ 57. Kd3 Rg2 58. Re4 Kg7 59. Ra4 Rd2+
60. Kc4 Rh2 61. h5 Rc2+ 62. Kd4 Bd2 63. Kd3 Rb2 64. Rd4 Bb4 65. Kc4 Re2 66. Kd3
Rg2 67. Rf4 Rb2 68. Kc4 Rc2+ 69. Kb5 Rc5+ 70. Ka4 Rd5 71. Rc4 Kf6 72. Re4 Bd2
73. Re2 Kg5 74. Rg2 Rd4+ 75. Kb5 Bb4 76. Re2 Kxg4 77. Re5 Kf4 78. Re2 Rd5+ 79.
Kc4 Rxh5 80. Re4+ Kf3 81. Re3+ Kf2 82. Kd3 Rd5+ 83. Kc4 Kxe3 84. Kxd5 Kd3 85.
Ke6 Kc2 86. Kf5 Kxb3 87. Kg6 Ka2 88. Kxh6 a4 89. Kg7 a3 90. Kf6 Kb3 91. Kg5 a2
92. Kh4 Bd6 93. Kh3 a1=Q 94. Kg2 Kc3 95. Kf3 Qd1+ 96. Kf2 Kd3 97. Kg2 Qe1 0-1

[Event "ICS rated blitz match"]
[Site "204.178.125.65"]
[Date "2000.04.03"]
[Round "?"]
[White "Hossa"]
[Black "Tinker"]
[Result "1-0"]
[WhiteElo "2519"]
[BlackElo "2400"]
[PlyCount "165"]

1. e4 e5 2. Nf3 Nc6 3. Nc3 Nge7 4. Bc4 Ng6 5. d3 Na5 6. Bb5 c6 7. Ba4 b5 8. Bb3
Nxb3 9. axb3 b4 10. Ne2 Bc5 11. Bg5 Qc7 12. O-O O-O 13. Be3 Bxe3 14. fxe3 d5
15. Ng3 Bg4 16. c4 bxc3 17. bxc3 Nh4 18. d4 Nxf3+ 19. gxf3 Bh3 20. Rf2 Qe7 21.
Rfa2 Qg5 22. Qd2 Qf6 23. Qe2 Rab8 24. b4 dxe4 25. fxe4 exd4 26. exd4 Ra8 27.
Qh5 Be6 28. Rg2 Qf4 29. Rf2 Qe3 30. Qc5 Rfc8 31. Raf1 Bh3 32. Rd1 Be6 33. Nf5
Bxf5 34. Qxf5 Rf8 35. Qf3 Qxf3 36. Rxf3 Rfd8 37. d5 Rd7 38. Ra1 cxd5 39. Rd3
Rad8 40. exd5 f5 41. c4 f4 42. Rd4 g5 43. Re1 Kf7 44. Kg2 Rc7 45. Re5 Kf6 46.
Rde4 Rb7 47. Re6+ Kf7 48. R4e5 h6 49. b5 Rh8 50. h4 gxh4 51. Rf5+ Kg8 52. Rxf4
h5 53. Rxh4 Kf7 54. Rf4+ Kg7 55. Kf3 Rd7 56. Ke4 h4 57. Rg4+ Kf7 58. Kd4 h3 59.
Rf4+ Kg7 60. Re3 Rh5 61. Rg4+ Kh7 62. Re1 h2 63. Rh1 Kh8 64. Rg2 Rdh7 65. Kc3
Rh3+ 66. Kb4 R7h6 67. Kc5 Rh7 68. Kc6 R3h6+ 69. d6 Rh4 70. Rgxh2 Rxh2 71. Rxh2
Rxh2 72. d7 Rd2 73. Kc7 Kg7 74. d8=Q Rxd8 75. Kxd8 Kf6 76. c5 Ke5 77. c6 Kd4
78. c7 Kc4 79. c8=Q+ Kxb5 80. Qc3 a5 81. Ke7 a4 82. Kd6 a3 83. Qb3+ 1-0

[Event "ICS rated blitz match"]
[Site "204.178.125.65"]
[Date "2000.04.03"]
[Round "?"]
[White "QueenMaxima"]
[Black "Hossa"]
[Result "0-1"]
[WhiteElo "2473"]
[BlackElo "2530"]
[PlyCount "206"]

1. d4 d5 2. c4 e6 3. Nc3 Nf6 4. Nf3 Bb4 5. Bg5 dxc4 6. e4 c5 7. Bxc4 cxd4 8.
Nxd4 Bxc3+ 9. bxc3 Qa5 10. Nb5 a6 11. Nd6+ Ke7 12. Qd2 Nc6 13. O-O Rd8 14.
Nxc8+ Raxc8 15. Bxf6+ Kxf6 16. Qf4+ Ke7 17. Qh4+ g5 18. Qh6 Qxc3 19. Qxg5+ Kf8
20. Rac1 Qg7 21. Qe3 Nd4 22. Rfd1 e5 23. Bd5 b5 24. Rxc8 Rxc8 25. Qa3+ Kg8 26.
Qxa6 Rc2 27. Bb3 Rc3 28. Qa8+ Qf8 29. Qa5 Qc8 30. h3 Qb8 31. Rf1 Ne2+ 32. Kh2
Rd3 33. Rd1 Rxd1 34. Bxd1 Nd4 35. Qc3 h6 36. Qg3+ Kf8 37. Bg4 b4 38. Bh5 Qc7
39. Qe3 Qc6 40. Kh1 Qa6 41. Qc1 Qxa2 42. Qxh6+ Kg8 43. Qf6 Qa7 44. Qd8+ Kg7 45.
Qd6 b3 46. Qxe5+ Kh7 47. Bd1 Qa1 48. Qh5+ Kg7 49. Qg5+ Kf8 50. Qh6+ Kg8 51. Qd2
Kh7 52. Qg5 Qxd1+ 53. Kh2 Ne6 54. Qf5+ Kg8 55. Qe5 Kf8 56. Qh8+ Ke7 57. Qh4+
Kd7 58. Qf6 Ke8 59. Qh8+ Nf8 60. Qe5+ Kd7 61. Qf5+ Ke7 62. Qg5+ Kd6 63. Qf4+
Kc6 64. Qxf7 Nd7 65. Qc4+ Nc5 66. Qc3 Qc2 67. Qf6+ Kb5 68. Qf7 Qxe4 69. Qf6 Nd3
70. Qf7 Qe5+ 71. Kg1 Qe1+ 72. Kh2 Nc5 73. Qf4 Qe7 74. Qd2 Qe5+ 75. f4 Qe4 76.
h4 Qc2 77. Qd6 Kc4 78. Qb8 Qh7 79. Kh3 Qd7+ 80. Kg3 Qg7+ 81. Kh2 b2 82. g4 Qb7
83. Qg8+ Kb4 84. Qa2 Kc3 85. Qa5+ Qb4 86. Qxb4+ Kxb4 87. f5 b1=Q 88. Kg3 Qe1+
89. Kg2 Qxh4 90. Kf3 Ne4 91. Kxe4 Qxg4+ 92. Ke5 Kc4 93. f6 Qg6 94. Ke6 Kd4 95.
Ke7 Kd5 96. f7 Qg7 97. Ke8 Ke6 98. f8=N+ Ke5 99. Ng6+ Qxg6+ 100. Kd7 Qb6 101.
Ke7 Qb7+ 102. Ke8 Ke6 103. Kf8 Qf7# 0-1

[Event "ICS rated blitz match"]
[Site "204.178.125.65"]
[Date "2000.04.03"]
[Round "?"]
[White "Hossa"]
[Black "QueenMaxima"]
[Result "0-1"]
[WhiteElo "2543"]
[BlackElo "2460"]
[PlyCount "104"]

1. e4 Nf6 2. e5 Nd5 3. d4 d6 4. Nf3 Bg4 5. Be2 e6 6. O-O Be7 7. c4 Nb6 8. Nc3
O-O 9. Be3 N8d7 10. b3 dxe5 11. dxe5 c6 12. Bf4 Qc7 13. Re1 Rfd8 14. Nd4 Bb4
15. Qd2 Bxe2 16. Rxe2 Nf8 17. a3 Bc5 18. Re4 Ng6 19. Bg3 Qe7 20. a4 f5 21. exf6
Qxf6 22. Nce2 e5 23. a5 Bxd4 24. Nxd4 Nd7 25. Nf3 Nc5 26. Qe2 Nxe4 27. Qxe4 Re8
28. Re1 Qd6 29. Bxe5 Qa3 30. Qd4 Nxe5 31. Nxe5 Qxa5 32. Qe4 Rad8 33. g3 Qa2 34.
Qf5 Re7 35. Qg5 Rde8 36. f4 Qxb3 37. Qh5 b5 38. cxb5 cxb5 39. Qe2 a5 40. Qd2 b4
41. Ra1 Rc7 42. Kh1 Rc2 43. Qd1 a4 44. Qd7 Rxe5 45. Qd8+ Kf7 46. Qd7+ Re7 47.
Qf5+ Kg8 48. Qh5 Qd3 49. Qh3 Qe4+ 50. Kg1 Qd4+ 51. Kh1 Qxa1+ 52. Qf1 Qxf1# 0-1

[Event "ICS rated blitz match"]
[Site "204.178.125.65"]
[Date "2000.04.03"]
[Round "?"]
[White "sekere"]
[Black "Hossa"]
[Result "1/2-1/2"]
[WhiteElo "2137"]
[BlackElo "2523"]
[PlyCount "264"]

1. e3 e5 2. e4 Nc6 3. Nf3 Nf6 4. Nc3 Bb4 5. Bb5 Bxc3 6. dxc3 Nxe4 7. O-O d6 8.
Qd5 Nf6 9. Bxc6+ bxc6 10. Qxc6+ Bd7 11. Qa6 O-O 12. Bg5 Qb8 13. Qa3 Ne4 14. Be3
Bg4 15. Nd2 Nxd2 16. Bxd2 Bf5 17. Rac1 Qb5 18. b3 Be4 19. c4 Qb7 20. f3 Bf5 21.
Qb4 Qc8 22. a4 a5 23. Qc3 Rd8 24. Be3 Qe6 25. Rfe1 Ra6 26. Qd2 Qe7 27. Qf2 Rda8
28. Re2 c6 29. Rce1 Rb8 30. Rd2 Rb7 31. Rde2 Ra8 32. Rd2 f6 33. f4 e4 34. Red1
Bg4 35. Re1 f5 36. Bd4 Bh5 37. Re3 g6 38. h3 Rbb8 39. Bc3 Re8 40. Kh2 Ra7 41.
Qe1 Qd8 42. Rf2 Ra8 43. Qd2 Qb6 44. Rf1 Qa7 45. Rfe1 Re6 46. Rg1 Qf7 47. Qd4
Kf8 48. Qh8+ Qg8 49. Qxg8+ Kxg8 50. g4 Bxg4 51. hxg4 fxg4 52. Rxg4 Kf8 53. Kg3
h6 54. Kf2 Kf7 55. Rh4 h5 56. Rh1 Ke7 57. Rg1 Rf8 58. Kg3 Ra8 59. Rf1 d5 60.
cxd5 cxd5 61. Be5 g5 62. Rd1 gxf4+ 63. Bxf4 Rg6+ 64. Kh3 Rg4 65. Bg3 Ke6 66.
Rd4 Rf8 67. c4 Rd8 68. cxd5+ Rxd5 69. Rxd5 Kxd5 70. Rc3 Rg5 71. Bf2 Kd6 72. Be3
Rd5 73. Rc4 Rd3 74. Rxe4 Kd5 75. Re8 Rxb3 76. Kh4 Rb4+ 77. Kxh5 Rxa4 78. Kg5
Re4 79. Rd8+ Kc4 80. Bb6 a4 81. Ra8 a3 82. Rxa3 Re5+ 83. Kf4 Kb4 84. Rd3 Re6
85. Be3 Rf6+ 86. Ke5 Rf1 87. Kd4 Rf5 88. Rd1 Kb5 89. Ke4 Rf6 90. Bd4 Re6+ 91.
Kd5 Re2 92. Rb1+ Ka5 93. Kc4 Rc2+ 94. Kd5 Re2 95. Kc6 Rc2+ 96. Bc5 Rc4 97. Rb3
Re4 98. Rb8 Ka4 99. Kd5 Re2 100. Kc4 Rc2+ 101. Kd4 Rd2+ 102. Kc3 Rd1 103. Rb4+
Ka5 104. Rb2 Rc1+ 105. Kd4 Rd1+ 106. Kc4 Rc1+ 107. Kd5 Rf1 108. Kc6 Rf4 109.
Bd6 Rc4+ 110. Bc5 Rf4 111. Rb3 Re4 112. Rd3 Re6+ 113. Bd6 Re4 114. Rf3 Rc4+
115. Bc5 Re4 116. Rg3 Re6+ 117. Bd6 Re4 118. Ra3+ Ra4 119. Rc3 Re4 120. Bc5
Re6+ 121. Kd5 Re2 122. Kc4 Re4+ 123. Bd4 Ka6 124. Rb3 Re6 125. Rb8 Rc6+ 126.
Kd5 Rc2 127. Bc5 Ka5 128. Kc6 Ka4 129. Kd5 Rd2+ 130. Kc4 Rc2+ 131. Kd4 Rd2+
132. Kc3 Rd1 1/2-1/2

[Event "ICS rated blitz match"]
[Site "204.178.125.65"]
[Date "2000.04.03"]
[Round "?"]
[White "Tinker"]
[Black "Hossa"]
[Result "0-1"]
[WhiteElo "2401"]
[BlackElo "2510"]
[PlyCount "142"]

1. e4 e5 2. Nf3 Nc6 3. Bc4 Bc5 4. c3 Nf6 5. d3 d6 6. Ng5 O-O 7. b4 Bb6 8. f3 h6
9. a4 hxg5 10. a5 Bxa5 11. bxa5 d5 12. exd5 Nxd5 13. g3 Bh3 14. Ra2 Be6 15. h4
gxh4 16. Rxh4 Nf4 17. Bxf4 Bxc4 18. Rah2 f5 19. Rh8+ Kf7 20. Rxf8+ Qxf8 21. Bg5
Qc5 22. Rf2 Ba6 23. Qd2 Nxa5 24. c4 Nb3 25. Qd1 Nd4 26. Nd2 Rh8 27. Nf1 Rh1 28.
Qd2 Kg8 29. Qd1 Qb4+ 30. Bd2 Qa3 31. Qb1 Qd6 32. Be3 Qc5 33. Bd2 Qc6 34. Qd1
Qg6 35. Be3 Qxg3 36. Bxd4 exd4 37. Qd2 c5 38. Qc1 g6 39. Qd2 b6 40. Qe2 Kf7 41.
f4 Bb7 42. Qe5 Qe3+ 43. Qxe3 dxe3 44. Rh2 Rxh2 45. Nxh2 g5 46. fxg5 Kg6 47. Ke2
f4 48. Ng4 Kxg5 49. Ne5 Kf6 50. Ng4+ Kf5 51. Nh2 Bg2 52. Ke1 f3 53. Kd1 b5 54.
cxb5 f2 55. Ke2 Kf4 56. b6 axb6 57. d4 cxd4 58. Kd1 f1=Q+ 59. Nxf1 e2+ 60. Kxe2
Bxf1+ 61. Ke1 Ke3 62. Kxf1 b5 63. Ke1 d3 64. Kd1 d2 65. Kc2 Ke2 66. Kb3 d1=Q+
67. Kb4 Qd6+ 68. Kxb5 Kd3 69. Ka4 Kc4 70. Ka5 Qe6 71. Ka4 Qa6# 0-1

[Event "ICS rated blitz match"]
[Site "204.178.125.65"]
[Date "2000.04.03"]
[Round "?"]
[White "Hossa"]
[Black "QueenMaxima"]
[Result "0-1"]
[WhiteElo "2521"]
[BlackElo "2499"]
[PlyCount "80"]

1. d4 Nf6 2. c4 Nc6 3. Nc3 e5 4. d5 Ne7 5. Nf3 Ng6 6. h4 e4 7. h5 exf3 8. hxg6
fxg6 9. exf3 Be7 10. g4 O-O 11. Bg2 Bb4 12. Be3 Bxc3+ 13. bxc3 d6 14. Qd2 Re8
15. O-O-O a5 16. Rde1 h5 17. Qc2 Kf7 18. Bf1 hxg4 19. Bd3 Bf5 20. Bxf5 gxf5 21.
Qxf5 Re5 22. Qf4 Qd7 23. Reg1 Rf5 24. Qh2 Rxf3 25. Re1 Qa4 26. Kb2 Qxc4 27. Qh4
Re8 28. Rd1 g5 29. Qxg5 Rexe3 30. Kb1 Qb5+ 31. Ka1 Rxf2 32. Rh7+ Nxh7 33. Qh5+
Kg7 34. Qxg4+ Kf8 35. Qc8+ Re8 36. Qf5+ Rxf5 37. c4 Qxc4 38. Rg1 Rf2 39. Kb1
Qc2+ 40. Ka1 Qb2# 0-1